Top 5 Receivers by Franchise - Statistics

General Stats
  • This quiz has been taken 17 times
  • The average score is 68 of 160
Answer Stats
Team Yards Answer % Correct
Houston Texans 8602 Deandre Hopkins
92%
Arizona Cardinals 7918 Jackie Smith
92%
San Francisco 49ers 19247 Jerry Rice
92%
Jacksonville Jaguars 12287 Jimmy Smith
92%
Arizona Cardinals 17492 Larry Fitzgerald
92%
Denver Broncos 11389 Rod Smith
92%
Carolina Panthers 12197 Steve Smith Sr.
92%
Baltimore Ravens 3591 Torrey Smith
92%
Houston Texans 13597 Andre Johnson
83%
Detroit Lions 11619 Calvin Johnson
83%
Cincinnati Bengals 10734 Chad Johnson
83%
Tennessee Titans 7477 Drew Hill
83%
Chicago Bears 4616 Harlin Hill
83%
Pittsburgh Steelers 12083 Hines Ward
83%
Atlanta Falcons 12896 Julio Jones
83%
Buffalo Bills 5934 Lee Evans
83%
Dallas Cowboys 11904 Michael Irvin
83%
Tampa Bay Bucs 10425 Mike Evans
83%
Seattle Seahawks 13089 Steve Largent
83%
Dallas Cowboys 7988 Tony Hill
83%
Kansas City Chiefs 6630 Tyreek Hill
83%
Pittsburgh Steelers 11297 Antonio Brown
75%
Tampa Bay Bucs 5666 Chris Godwin
75%
Los Angeles Rams 6329 Cooper Kupp
75%
Denver Broncos 9055 Demaryius Thomas
75%
Los Angeles Rams 14109 Isaac Bruce
75%
New Orleans Saints 6121 Michael Thomas
75%
Minnesota Vikings 9316 Randy Moss
75%
New England Patriots 7861 Rob Gronkowski
75%
Atlanta Falcons 10863 Roddy White
75%
Washington Commanders 7867 Santana Moss
75%
San Francisco 49ers 8572 Terrell Owens
75%
Las Vegas Raiders 14734 Tim Brown
75%
New England Patriots 6366 Troy Brown
75%
Seattle Seahawks 7100 Tyler Lockett
75%
Minnesota Vikings 6682 Adam Thielen
67%
Cincinnati Bengals 9438 A.J. Green
67%
Buffalo Bills 13095 Andre Reed
67%
Green Bay Packers 8121 Davante Adams
67%
Seattle Seahawks 6563 Doug Baldwin
67%
Minnesota Vikings 6433 Jake Reed
67%
New England Patriots 6822 Julian Edelman
67%
Arizona Cardinals 8496 Roy Green
67%
Kansas City Chiefs 10940 Tony Gonzalez
67%
Los Angeles Rams 12660 Torry Holt
67%
New England Patriots 7459 Wes Welker
67%
Arizona Cardinals 7520 Anquan Boldin
58%
Minnesota Vikings 7636 Anthony Carter
58%
Washington Commanders 12026 Art Monk
58%
Minnesota Vikings 12383 Cris Carter
58%
Seattle Seahawks 6445 Darrell Jackson
58%
Philadelphia Eagles 6512 Desean Jackson
58%
Carolina Panthers 5201 D.J. Moore
58%
Detroit Lions 9174 Herman Moore
58%
Dallas Cowboys 12977 Jason Witten
58%
Indianapolis Colts 6039 Lenny Moore
58%
Indianapolis Colts 14580 Marvin Harrison
58%
Miami Dolphins 7546 Nat Moore
58%
New York Giants 5476 Odell Beckham Jr.
58%
Tampa Bay Bucs 4326 Vincent Jackson
58%
Jacksonville Jaguars 2848 Allen Robinson
50%
New York Giants 9497 Amani Toomer
50%
Los Angeles Chargers 11841 Antonio Gates
50%
Green Bay Packers 10137 Donald Driver
50%
Green Bay Packers 7991 Don Hutson
50%
San Francisco 49ers 6750 Dwight Clark
50%
Denver Broncos 6200 Ed McCaffrey
50%
Washington Commanders 8742 Gary Clark
50%
Los Angeles Chargers 9287 Kennan Allen
50%
Baltimore Ravens 3116 Mark Clayton
50%
Miami Dolphins 8643 Mark Clayton
50%
New Orleans Saints 9759 Marques Colston
50%
Carolina Panthers 9255 Muhsin Muhammad
50%
Cleveland Browns 7980 Ozzie Newsome
50%
Indianapolis Colts 14345 Reggie Wayne
50%
Denver Broncos 8439 Shannon Sharpe
50%
Green Bay Packers 8134 Sterling Sharpe
50%
Baltimore Ravens 5777 Derrick Mason
42%
Dallas Cowboys 7459 Dez Bryant
42%
Carolina Panthers 6463 Greg Olsen
42%
Philadelphia Eagles 8978 Harold Carmichael
42%
Baltimore Ravens 4313 Mark Andrews
42%
Miami Dolphins 8869 Mark Duper
42%
Kansas City Chiefs 10344 Travis Kelce
42%
Chicago Bears 4549 Alshon Jeffery
33%
Atlanta Falcons 5633 Andre Rison
33%
San Francisco 49ers 5902 Billy Wilson
33%
Dallas Cowboys 7822 Drew Pearson
33%
New Orleans Saints 7854 Eric Martin
33%
Las Vegas Raiders 8974 Fred Biletnikoff
33%
Green Bay Packers 9656 James Lofton
33%
Pittsburgh Steelers 8723 John Stallworth
33%
Jacksonville Jaguars 6393 Keenan McCardell
33%
Baltimore Ravens 5492 Todd Heap
33%
Indianapolis Colts 9691 T.Y. Hilton
33%
New York Jets 7365 Wayne Crebet
33%
Philadelphia Eagles 6267 Zach Ertz
33%
Atlanta Falcons 6267 Alfred Jenkins
25%
New York Jets 6605 Al Toon
25%
Washington Commanders 9110 Charley Taylor
25%
New York Jets 11732 Don Maynard
25%
Buffalo Bills 9096 Eric Moulds
25%
Buffalo Bills 4538 Frank Lewis
25%
Cleveland Browns 5299 Gary Collins
25%
Pittsburgh Steelers 6569 Heath Miller
25%
Los Angeles Rams 9761 Henry Ellard
25%
New Orleans Saints 7622 Joe Horn
25%
Chicago Bears 5059 Johnny Morris
25%
Los Angeles Chargers 9584 Lance Alworth
25%
New York Jets 5941 Laveranues Coles
25%
Denver Broncos 6872 Lionel Taylor
25%
Jacksonville Jaguars 4502 Marcedes Lewis
25%
Kansas City Chiefs 7306 Otis Taylor
25%
Indianapolis Colts 9275 Raymond Berry
25%
New England Patriots 10362 Stanley Morgan
25%
New York Jets 8306 Wesley Walker
25%
Washington Commanders 6492 Bobby Mitchell
17%
Cincinnati Bengals 6887 Carl Pickens
17%
Los Angeles Chargers 9203 Charlie Joiner
17%
Las Vegas Raiders 8685 Cliff Branch
17%
Los Angeles Rams 6299 Crazylegs Hirsch
17%
Kansas City Chiefs 7155 Dwayne Bowe
17%
Tennessee Titans 7935 Ernest Givins
17%
Cincinnati Bengals 7101 Isaac Curtis
17%
Tampa Bay Bucs 5018 Mark Carrier
17%
Cleveland Browns 5508 Ray Renfro
17%
Chicago Bears 4538 Walter Payton
17%
Houston Texans 3110 Will Fuller
17%
Detroit Lions 5244 Brett Perriman
8%
Tennessee Titans 6823 Charley Hennigan
8%
Miami Dolphins 5688 Chris Chambers
8%
Cincinnati Bengals 6698 Cris Collinsworth
8%
New Orleans Saints 4875 Danny Abramowicz
8%
New York Giants 5434 Frank Gifford
8%
San Francisco 49ers 6664 Gene Washington
8%
New York Giants 4993 Joe Morrison
8%
Detroit Lions 6499 Johnnie Morton
8%
Pittsburgh Steelers 6018 Louis Lipps
8%
Chicago Bears 4503 Mike Ditka
8%
Philadelphia Eagles 6464 Mike Quick
8%
Houston Texans 4617 Owen Daniels
8%
Atlanta Falcons 7349 Terrence Mathis
8%
New York Giants 5183 Tiki Barber
8%
Buffalo Bills 5294 Albert Dubenion
0%
Las Vegas Raiders 4491 Art Powell
0%
Seattle Seahawks 7620 Brian Blades
0%
Cleveland Browns 6488 Dante Lavelli
0%
Detroit Lions 5221 Gail Cogdill
0%
Los Angeles Chargers 7533 Gary Garrison
0%
Tennessee Titans 6119 Haywood Jeffries
0%
Tennessee Titans 6906 Ken Burrough
0%
Tampa Bay Bucs 4928 Kevin House
0%
Houston Texans 4083 Kevin Walter
0%
Cleveland Browns 5602 Mac Speedie
0%
Jacksonville Jaguars 2873 Maurice Jones-Drew
0%
Miami Dolphins 5074 O.J. McDuffie
0%
Arizona Cardinals 7005 Pat Tilley
0%
Philadelphia Eagles 7412 Pete Retzlaff
0%
Las Vegas Raiders 5872 Todd Christensen
0%
Carolina Panthers 3902 Wesley Walls
0%
No matching quizzes found
Score Distribution
Percent of People with Each Score
Percentile by Number Answered
Your Score History
You have not taken this quiz